Turning down the sound (Record no. 77036)

MARC details
000 -LEADER
fixed length control field 00749cab a2200193 4500
001 - CONTROL NUMBER
control field ##L133488
008 - FIXED-LENGTH DATA ELEMENTS--GENERAL INFORMATION
fixed length control field 060512n2006 000 0 eng u
035 ## - SYSTEM CONTROL NUMBER
System control number (Sirsi) u133488
041 0# - LANGUAGE CODE
Language code of text/sound track or separate title eng
100 1# - MAIN ENTRY--PERSONAL NAME
Personal name Abbott, Duncan
245 00 - TITLE STATEMENT
Title Turning down the sound
Remainder of title how to combat office noise
260 ## - PUBLICATION, DISTRIBUTION, ETC.
Date of publication, distribution, etc. 2006
490 #0 - SERIES STATEMENT
Series statement Facilities Management
Volume/sequential designation 13(8) 22-23(2)
520 ## - SUMMARY, ETC.
Summary, etc. Looks at the sources of noise in offices, the effects on workers of noise, and how facilities managers can improve the acoustic environment. Provides sources of further information on noise control from the Health and Safety Executive.
590 ## - LOCAL NOTE (RLIN)
Local note IKA230506
650 24 - SUBJECT ADDED ENTRY--TOPICAL TERM
Topical term or geographic name entry element CONTROL OF NOISE AT WORK REGULATIONS 2005
690 ## - LOCAL SUBJECT ADDED ENTRY--TOPICAL TERM (OCLC, RLIN)
Topical term or geographic name as entry element Health and safety
9 (RLIN) 6244
942 ## - ADDED ENTRY ELEMENTS (KOHA)
Suppress in OPAC 0
Holdings
Withdrawn status Lost status Source of classification or shelving scheme Damaged status Not for loan Home library Current library Shelving location Date acquired Total Checkouts Full call number Barcode Date last seen Copy number Price effective from Koha item type
    Dewey Decimal Classification     London London Journal article 12/05/2006   L133488 133488-1001 06/08/2019 1 06/08/2019 Journal article